| 000 | 00912 a2200229 4500 | ||
|---|---|---|---|
| 001 | 60522 | ||
| 005 | 20260407155856.0 | ||
| 008 | 260407a1992 arg spa d | ||
| 003 | AR-UNSa-BCEJYS | ||
| 040 |
_aAR-UNSa-BCEJYS _bspa _cAR-UNSa-BCEJYS |
||
| 080 |
_a330.342.146 _xEconomía social de mercado. Economía del estado del bienestar |
||
| 245 | 1 | 0 |
_aOrganizaciones económicas populares _pMás allá de la informalidad |
| 020 | _a978-987-99014-0-3 | ||
| 264 | 1 |
_aBuenos Aires : _bServicio Cristiano de Cooperacion para la Promocion Humana _c1992 |
|
| 300 |
_a255 p. _c20 cm. |
||
| 505 | _a1. Contexto – 2. Critica a algunos modelos – 3. Economía de la solidaridad – 4. Las O.E.P campesinas – 4. ONG / O.E.P – 5. Fe. Promoción humana y O.E.P | ||
| 041 | _aspa | ||
| 942 | _cBK | ||
| 590 | _aniveau_biblio:m niveau_hierar:0 | ||
| 100 | 1 | _aForni, Floreal H. | |
| 700 | 1 | _aSánchez, Juan José | |
| 999 |
_c7032 _d7032 |
||